A filha da paciência ; na época da geração complemento (Record no. 154213)

MARC details
000 -LÍDER
campo de controle de tamanho fixo 00433 a2200145 4500
001 - NÚMERO DE CONTROLE
campo de controle 154213
040 ## - FONTE DA CATALOGAÇÃO
Instituição que transcreveu o registro Escola São Tomás de Aquino
100 ## - ENTRADA PRINCIPAL--NOME PESSOAL
Nome pessoal MACHADO,Lucia Helena Monteiro
240 10 - TÍTULO UNIFORME
Título uniforme A filha da paciência ; na época da geração complemento
Idioma da obra por
245 10 - TÍTULO
Título A filha da paciência ; na época da geração complemento
362 0# - DATAS DE PUBLICAÇÃO E/OU DESIGNAÇÃO SEQUENCIAL
Datas de publicação e/ou designação sequencial 2001
440 #1 - DECLARAÇÃO DE SÉRIE/ENTRADA ADICIONADA--TÍTULO
Título BDMG Cultural
697 ## - ENTRADA DE ASSUNTO LOCAL--ENTIDADE COLETIVA (RLIN)
Nome corporativo ou nome da jurisdição LITERATURA BRASILEIRA
942 ## - ELEMENTOS DE ENTRADA ADICIONADOS (KOHA)
Tipo de material Koha Livros
Holdings
Situação do descarte Situação das perdas Situação física Não pode ser emprestado Biblioteca de origem Biblioteca atual Data de aquisição Total de empréstimos Número de chamada completo Código de barras Data de último acesso Data do preço efetivo Tipo de material Koha
        ESTA - SÃO BENTO ESTA - SÃO BENTO 30/04/2024   B869 MAC FIL EST00008280 30/04/2024 30/04/2024 Livros